000 00704nam a2200217 a 4500
001 BRCA_7401
005 20190320205825.0
008 230313s195u----gw-a######---#000-0#ger-#
041 _ager
044 _agw
050 4 _aN7380
_b.W47 1950
245 1 0 _aWestafrika in seiner Kunst aus den Sammlungen des Museums fur Lander - und volkerunde
_cLindenmuseum Stuttgart.
260 _aStuttgart, Alemania
_bCultural Institutions. Office of the Land Commissioner for Wurttemberg-Baden
_c[195-?]
300 _a19 p.
_bil.
500 _aQ125
650 1 4 _aArte africano
_918262
650 1 4 _aGalerĂ­as y museos
_zAlemania
_95059
710 2 _aLindenmuseum Stuttgart
_918263
902 _aGFM
942 _2lcc
_cB
999 _c7077
_d7077